01815nam a22002777a 45000010005000000030006000050050017000110080041000280200018000690400029000870820008001161000020001242450079001442600037002233000043002604900018003035200656003216500024009777000035010019420015010369990015010519520117010669520117011839520116013009520121014165604FISKH20241220085205.0241220b cb ||||| |||| 00| 0 eng d a9780439973366 aFISKHbengcFISKHdFISKH a500 aGoldsmith, Mike aFantastic future /cBy DR Mike Goldsmith : Illustrated by Daniel Postgate  aNew York : bScholastic ;c2004. a144 pages : billustrations ;c21 cm . aThe knowledge aIn 30 years' time will you be holidaying on the moon? In 100 years' time could you genetically engineer your own pet? In 1000 years' time will you travel through space in an anti-matter-drive spaceship? This eye-opening guide predicts the future with a time-travelling trip through, well, time...Inside, visit vast skyscraper cities, make friends with robots and cyborgs, colonize far distant galaxies, and watch the very last star go out at the end of the universe. PLUS Read the Tomorrow's Times news reports from the future, discover how to terraform a desert planet and how to create a virtual you. If you want to be in the know, get The Knowledge afuturevNon-fiction aPostgate, Danieleillustrator  2ddccBKn0 c5604d5604 00102ddc40708NFICa002b002cSNSd2024-12-20l0oGOL 500pFISSE00101r2024-12-20 08:51:27t1w2024-12-20yBK 00102ddc40708NFICa002b002cSNSd2024-12-20l0oGOL 500pFISSE00094r2025-11-10 08:10:34t2w2024-12-20yBK 00102ddc40708NFICa002b002cSNSd2024-12-20l0oGOL 500p2024-2492r2024-12-20 08:52:01t3w2024-12-20yBK 00102ddc40708NFICa001b001cATKSNFd2025-08-28l0oGOL 500pFISTKG5B041r2025-08-28 09:42:51t4w2025-08-28yBK